| 000 -LEADER |
| fixed length control field |
00343nam a22001217a 4500 |
| 020 ## - INTERNATIONAL STANDARD BOOK NUMBER |
| International Standard Book Number |
9789389137286 |
| 082 ## - DEWEY DECIMAL CLASSIFICATION NUMBER |
| Classification number |
Lx54 M691\2019 |
| 100 ## - MAIN ENTRY--PERSONAL NAME |
| Personal name |
Misra, Alok |
| 9 (RLIN) |
15177 |
| 245 ## - TITLE STATEMENT |
| Title |
Inclusive finance: |
| Remainder of title |
India report 2019 |
| Statement of responsibility, etc |
by Alok Misra and Ajay Tankha |
| 260 ## - PUBLICATION, DISTRIBUTION, ETC. (IMPRINT) |
| Place of publication, distribution, etc |
New Delhi |
| Name of publisher, distributor, etc |
Access Assist |
| Date of publication, distribution, etc |
2019 |
| 300 ## - PHYSICAL DESCRIPTION |
| Extent |
228p. |
| 700 ## - ADDED ENTRY--PERSONAL NAME |
| Personal name |
Tankha, Ajay |
| 9 (RLIN) |
15178 |